Loading...
| History - World History | 0 | 7 | 0 | 1 | 70 | 27 | 77.43 | 1 | 4 |
| Science - Physics | 0 | 7 | 0 | 1 | 70 | 48 | 79.43 | 1 | 3 |
| History - Other History | 0 | 7 | 0 | 1 | 70 | 44 | 79.86 | 1 | 2 |
| Fine Arts - Visual Fine Arts | 0 | 5 | 0 | 2 | 50 | 78 | 104.20 | 0 | 2 |
| Literature - American Literature | 0 | 5 | 0 | 0 | 50 | 64 | 99.00 | 1 | 2 |
| History - American History | 0 | 5 | 2 | 0 | 40 | 73 | 94.80 | 0 | 2 |
| Fine Arts - Classical Music | 0 | 4 | 1 | 1 | 35 | 77 | 102.50 | 0 | 1 |
| Literature - British Literature | 0 | 4 | 1 | 1 | 35 | 62 | 105.25 | 1 | 2 |
| Literature - World/Other Literature | 0 | 4 | 1 | 1 | 35 | 57 | 106.75 | 0 | 0 |
| Philosophy | 0 | 4 | 1 | 0 | 35 | 60 | 107.00 | 1 | 1 |
| Science - Other Science | 0 | 4 | 1 | 0 | 35 | 79 | 83.75 | 0 | 1 |
| Social Science | 0 | 4 | 2 | 1 | 30 | 75 | 101.50 | 0 | 1 |
| Science - Biology | 0 | 3 | 0 | 0 | 30 | 39 | 74.00 | 1 | 2 |
| History - European History | 0 | 4 | 2 | 1 | 30 | 67 | 107.25 | 0 | 0 |
| Science - Chemistry | 0 | 3 | 1 | 0 | 25 | 64 | 85.00 | 1 | 1 |
| Geography/Current Events | 0 | 3 | 1 | 1 | 25 | 91 | 110.00 | 1 | 1 |
| Literature - European Literature | 0 | 2 | 2 | 0 | 10 | 61 | 73.00 | 0 | 1 |
| Religion | 0 | 1 | 1 | 0 | 5 | 98 | 98.00 | 0 | 0 |
| Other Academic | 0 | 0 | 0 | 0 | 0 | 0.00 | 0 | 0 | |
| Mythology | 0 | 0 | 1 | 0 | -5 | 0.00 | 0 | 0 |